[Event "South Asian Chess Council-ch (Women)"]
[Site "Godawari"]
[Date "2023.06.16"]
[Round "5"]
[White "Shrestha, Riya"]
[Black "Jannatul, Ferdous"]
[Result "0-1"]
[WhiteElo "1240"]
[BlackElo "1852"]
[PlyCount "105"]
[EventDate "2023.06.14"]
[EventType "tourn"]
[EventRounds "7"]
[EventCountry "NEP"]
[SourceTitle "EXT 2024"]
[Source "ChessBase"]
[SourceDate "2023.10.10"]
[SourceVersion "1"]
[SourceVersionDate "2023.10.10"]
[SourceQuality "1"]

1. e4 c6 2. d4 d5 3. exd5 cxd5 4. Bd3 Nc6 5. c3 Nf6 6. h3 e5 7. dxe5 Nxe5 8. Qe2 Qe7 9. Bb5+ Bd7 10. Bxd7+ Nfxd7 11. Be3 Nc5 12. Bxc5 Nd3+ 13. Kd2 Nxc5 14. Qxe7+ Bxe7 15. Nf3 0-0 16. Ke2 Rfe8 17. Rd1 Rad8 18. Kf1 Bf6 19. Nd4 a6 20. Na3 g6 21. Nac2 Na4 22. Rab1 Bg5 23. Nf3 Bf6 24. Nfd4 Re4 25. Ne3 Bg5 26. Re1 b5 27. Re2 f5 28. Nf3 Bxe3 29. Rxe3 f4 30. Re2 h6 31. h4 Kg7 32. Nd4 Kf6 33. Rxe4 dxe4 34. Ke2 g5 35. h5 g4 36. f3 exf3+ 37. gxf3 g3 38. Kf1 Rd5 39. Re1 Rxh5 40. Re6+ Kf7 41. Rxa6 Nxb2 42. Ra5 Nc4 43. Rxb5 Ne3+ 44. Kg1 Rh2 45. Rb7+ Ke8 46. Rb8+ Kd7 47. Rb7+ Kc8 48. Rb1 Rxa2 49. Rc1 h5 50. Ne6 Ng2 51. c4 Kd7 52. Ng5 Kc6 53. Ne6 0-1

[Event "Titled Tuesday intern op 20th Dec Early"]
[Site "Chess.com INT"]
[Date "2022.12.20"]
[Round "4"]
[White "Chernov, Mikhail"]
[Black "Jannatul, Ferdous"]
[Result "1-0"]
[WhiteElo "2213"]
[BlackElo "1770"]
[PlyCount "53"]
[EventDate "2022.12.20"]
[EventType "swiss (blitz)"]
[EventRounds "11"]
[EventCountry "USA"]
[SourceTitle "EXT 2024"]
[Source "ChessBase"]
[SourceDate "2023.10.10"]
[SourceVersion "1"]
[SourceVersionDate "2023.10.10"]
[SourceQuality "1"]

1. e4 c6 2. d4 d5 3. e5 Bf5 4. h4 h5 5. c4 e6 6. Nc3 Nd7 7. Bg5 Qb6 8. Qd2 dxc4 9. Bxc4 Bb4 10. Nge2 f6 11. exf6 Ngxf6 12. Ng3 Ne4 13. Ngxe4 Bxe4 14. 0-0 c5 15. dxc5 Nxc5 16. Rfe1 0-0 17. a3 Bxc3 18. Qxc3 Nd3 19. Rxe4 Qxf2+ 20. Kh2 Nf4 21. Rxf4 Rxf4 22. Bxe6+ Kh8 23. Bxf4 Qxf4+ 24. Qg3 Qf6 25. Bd5 Re8 26. Bf3 Rd8 27. Rc1 1-0

[Event "Titled Tuesday intern op 20th Dec Early"]
[Site "Chess.com INT"]
[Date "2022.12.20"]
[Round "6"]
[White "Jannatul, Ferdous"]
[Black "Sovetbekova, Nurai"]
[Result "0-1"]
[WhiteElo "1770"]
[BlackElo "2011"]
[PlyCount "88"]
[EventDate "2022.12.20"]
[EventType "swiss (blitz)"]
[EventRounds "11"]
[EventCountry "USA"]
[SourceTitle "EXT 2024"]
[Source "ChessBase"]
[SourceDate "2023.10.10"]
[SourceVersion "1"]
[SourceVersionDate "2023.10.10"]
[SourceQuality "1"]

1. d4 Nf6 2. Nf3 g6 3. Bf4 Bg7 4. Qd2 0-0 5. e3 c5 6. dxc5 Ne4 7. Qb4 d5 8. cxd6 Nxd6 9. Bxd6 exd6 10. Nc3 Nc6 11. Qc4 Be6 12. Qd3 Qa5 13. Be2 Bf5 14. Qd2 Nb4 15. Bd3 Nxd3+ 16. cxd3 Rac8 17. d4 Qa6 18. e4 Bg4 19. Ne2 Rfe8 20. Ng3 Qc4 21. h3 Bxf3 22. gxf3 Bxd4 23. Ne2 Bg7 24. 0-0 Qa6 25. a3 Red8 26. Rac1 Rxc1 27. Rxc1 Qb6 28. b4 h5 29. Nf4 Kh7 30. Nd5 Qb5 31. Nc7 Qd7 32. Rc3 Bxc3 33. Qxc3 Rc8 34. Nd5 Rxc3 35. Nf6+ Kg7 36. Nxd7 Rxf3 37. Kg2 Rxa3 38. b5 Rb3 39. e5 dxe5 40. Nxe5 Rxb5 41. Nc4 a5 42. Nd6 Rb4 43. h4 a4 44. Kg3 a3 0-1

[Event "BAN-ch (Women)"]
[Site "Dhaka"]
[Date "2022.11.24"]
[Round "7"]
[White "Jannatul, Ferdous"]
[Black "Kazi Zarin, Tasnim"]
[Result "0-1"]
[WhiteElo "1861"]
[BlackElo "1860"]
[PlyCount "80"]
[EventDate "2022.11.17"]
[EventType "tourn"]
[EventRounds "11"]
[EventCountry "BAN"]
[SourceTitle "CBM 211 Extra"]
[Source "ChessBase"]
[SourceDate "2023.01.31"]
[SourceVersion "1"]
[SourceVersionDate "2023.01.31"]
[SourceQuality "1"]

1. d4 d5 2. Bf4 Nf6 3. e3 e6 4. Nf3 Bd6 5. Bg3 c5 6. c3 Qc7 7. Ne5 Nbd7 8. f4 Ne4 9. Bh4 cxd4 10. exd4 0-0 11. Bb5 Nb6 12. 0-0 f6 13. Nd3 a6 14. Ba4 Nxa4 15. Qxa4 Bd7 16. Qd1 Bb5 17. Bg3 Qb6 18. Qb3 Qc6 19. Qd1 Nxg3 20. hxg3 e5 21. a4 Bc4 22. b3 Bxd3 23. Qxd3 exd4 24. cxd4 Rac8 25. Ra2 Rfe8 26. Re2 Rxe2 27. Qxe2 Re8 28. Qd3 Bb4 29. Kh2 Re4 30. Nd2 Bxd2 31. Qxd2 Qe8 32. Qb4 b5 33. Rc1 Qh5+ 34. Kg1 Qe2 35. Rc8+ Kf7 36. Qf8+ Kg6 37. Qb4 Qd1+ 38. Kh2 Re1 39. f5+ Kxf5 40. g4+ Kxg4 0-1

[Event "BAN-ch (Women)"]
[Site "Dhaka"]
[Date "2022.11.22"]
[Round "6"]
[White "Ahmed, Walijah"]
[Black "Jannatul, Ferdous"]
[Result "1-0"]
[WhiteElo "1977"]
[BlackElo "1861"]
[PlyCount "63"]
[EventDate "2022.11.17"]
[EventType "tourn"]
[EventRounds "11"]
[EventCountry "BAN"]
[SourceTitle "CBM 211 Extra"]
[Source "ChessBase"]
[SourceDate "2023.01.31"]
[SourceVersion "1"]
[SourceVersionDate "2023.01.31"]
[SourceQuality "1"]

1. e4 c6 2. d4 d5 3. e5 Bf5 4. h4 h5 5. c4 e6 6. Nc3 Nd7 7. cxd5 cxd5 8. Bd3 Bxd3 9. Qxd3 Ne7 10. Nge2 Nf5 11. Bg5 Be7 12. Bxe7 Qxe7 13. Nxd5 exd5 14. Qxf5 Qb4+ 15. Kf1 Qxb2 16. Rb1 Qxa2 17. e6 fxe6 18. Qg6+ Kf8 19. Rh3 Qa6 20. Rf3+ Nf6 21. Kg1 Re8 22. Rxf6+ gxf6 23. Qxf6+ Kg8 24. Rb3 Kh7 25. Qf7+ Kh6 26. Rf3 e5 27. Rf6+ Qxf6 28. Qxf6+ Kh7 29. Qf5+ Kg7 30. Qg5+ Kf7 31. dxe5 Rhg8 32. Qf6# 1-0

[Event "Asian Continental Blitz op (Women) 19th"]
[Site "Delhi"]
[Date "2022.11.03"]
[Round "7"]
[White "Jannatul, Ferdous"]
[Black "Harshini, A."]
[Result "1-0"]
[WhiteElo "1861"]
[BlackElo "2149"]
[PlyCount "59"]
[EventDate "2022.11.03"]
[EventType "swiss (blitz)"]
[EventRounds "9"]
[EventCountry "IND"]
[SourceTitle "EXT 2024"]
[Source "ChessBase"]
[SourceDate "2023.10.10"]
[SourceVersion "1"]
[SourceVersionDate "2023.10.10"]
[SourceQuality "1"]

1. d4 Nf6 2. Nf3 g6 3. c4 Bg7 4. Nc3 d5 5. cxd5 Nxd5 6. e4 Nxc3 7. bxc3 c5 8. Be3 0-0 9. Be2 Qa5 10. Bd2 Qa3 11. 0-0 Rd8 12. Qc2 cxd4 13. cxd4 Nc6 14. d5 Ne5 15. Nxe5 Bxe5 16. Rab1 Qd6 17. g3 f5 18. f3 e6 19. Kh1 exd5 20. exd5 Kh8 21. Bc4 b6 22. Bc3 Bb7 23. Rfe1 Bg7 24. Bxg7+ Kxg7 25. Re6 Qc5 26. Rbe1 Rd7 27. Qb2+ Kf7 28. Qf6+ Kg8 29. Re8+ Rxe8 30. Rxe8+ 1-0

[Event "Asian Continental op (Women) 19th"]
[Site "Delhi"]
[Date "2022.10.27"]
[Round "2"]
[White "Jannatul, Ferdous"]
[Black "Yakubbaeva, Nilufar"]
[Result "0-1"]
[WhiteElo "1861"]
[BlackElo "2350"]
[PlyCount "76"]
[EventDate "2022.10.26"]
[EventType "swiss"]
[EventRounds "9"]
[EventCountry "IND"]
[SourceTitle "EXT 2024"]
[Source "ChessBase"]
[SourceDate "2023.10.10"]
[SourceVersion "1"]
[SourceVersionDate "2023.10.10"]
[SourceQuality "1"]

1. e4 e5 2. Nf3 Nc6 3. Bb5 Nf6 4. d3 Bc5 5. c3 d6 6. h3 h6 7. 0-0 0-0 8. d4 exd4 9. cxd4 Bb6 10. Nc3 a6 11. Ba4 d5 12. e5 Ne4 13. Re1 Bf5 14. Bb3 Ba5 15. Re3 Bxc3 16. bxc3 Na5 17. Ba3 Re8 18. Qe2 b5 19. Nd2 Nxd2 20. Qxd2 Nc4 21. Bxc4 bxc4 22. Rg3 Kh7 23. Qf4 Qd7 24. Rf3 Bg6 25. g4 Qa4 26. Bb4 a5 27. Bc5 Rab8 28. e6 Rxe6 29. Qxc7 Qe8 30. Kh2 Rb2 31. Kg3 Ree2 32. h4 Rxf2 33. Rxf2 Qe3+ 34. Rf3 Qe2 35. Kf4 Qh2+ 36. Rg3 Rf2+ 37. Ke3 Re2+ 38. Kf4 Re4+ 0-1

[Event "Olympiad Women-44"]
[Site "Chennai"]
[Date "2022.07.30"]
[Round "2.3"]
[White "Gueci, Tea"]
[Black "Jannatul, Ferdous"]
[Result "1/2-1/2"]
[WhiteElo "2254"]
[BlackElo "1815"]
[PlyCount "169"]
[EventDate "2022.07.29"]
[EventType "team-swiss"]
[EventRounds "11"]
[EventCountry "IND"]
[SourceTitle "CBM 210"]
[Source "ChessBase"]
[SourceDate "2022.10.31"]
[SourceVersion "1"]
[SourceVersionDate "2022.10.31"]
[SourceQuality "1"]
[WhiteTeam "Italy (W)"]
[BlackTeam "Bangladesh (W)"]
[WhiteTeamCountry "ITA"]
[BlackTeamCountry "BAN"]

1. e4 c6 2. d4 d5 3. e5 Bf5 4. h4 h5 5. Bd3 Bxd3 6. Qxd3 e6 7. Nf3 Qa5+ 8. Nbd2 Qa6 9. c4 Nh6 10. 0-0 Nf5 11. b3 Be7 12. a4 Nd7 13. Ba3 0-0 14. Bxe7 Nxe7 15. Ng5 Nf5 16. f3 Qb6 17. c5 Qb4 18. f4 Qxd4+ 19. Qxd4 Nxd4 20. b4 a5 21. Rab1 Ne2+ 22. Kh2 Nc3 23. Rb3 axb4 24. Rxb4 Nxc5 25. Nb3 Rxa4 26. Rb6 Nxb3 27. Rxb3 Nb5 28. g3 g6 29. g4 Ra3 30. Rxa3 Nxa3 31. gxh5 gxh5 32. f5 exf5 33. Rxf5 Nc4 34. Nf3 Ra8 35. Rg5+ Kf8 36. Rxh5 Ra3 37. Rf5 Re3 38. h5 Kg7 39. Rg5+ Kh6 40. Rf5 d4 41. Nxd4 Rxe5 42. Rxf7 Rxh5+ 43. Kg3 Rd5 44. Ne6 Rd3+ 45. Kf2 b5 46. Rf6+ Kh5 47. Ng7+ Kg4 48. Rxc6 Na3 49. Ke2 Rd7 50. Ne6 b4 51. Nc5 Rd5 52. Rb6 Rxc5 53. Rxb4+ Kf5 54. Rh4 Ke6 55. Rh6+ Kd7 56. Kd3 Nb5 57. Rg6 Rc3+ 58. Ke4 Nc7 59. Kd4 Rh3 60. Ke5 Rh5+ 61. Ke4 Ne6 62. Rg2 Nc5+ 63. Kd4 Kd6 64. Rg6+ Ne6+ 65. Ke4 Re5+ 66. Kf3 Kd5 67. Rg8 Nd4+ 68. Kf4 Rf5+ 69. Ke3 Rf3+ 70. Kd2 Kc4 71. Rc8+ Kb4 72. Rb8+ Ka3 73. Rd8 Nb3+ 74. Kc2 Kb4 75. Rb8+ Kc4 76. Rc8+ Nc5 77. Kd2 Rh3 78. Ke2 Kd4 79. Rd8+ Ke5 80. Re8+ Ne6 81. Kd2 Kd5 82. Ra8 Ke4 83. Re8 Kd5 84. Ra8 Ke4 85. Re8 1/2-1/2

[Event "Titled Tuesday intern op 22 Mar Early"]
[Site "Chess.com INT"]
[Date "2022.03.22"]
[Round "3"]
[White "Jannatul, Ferdous"]
[Black "Buscar, Michael"]
[Result "0-1"]
[WhiteElo "1816"]
[BlackElo "2088"]
[PlyCount "128"]
[EventDate "2022.03.22"]
[EventType "swiss (blitz)"]
[EventRounds "11"]
[EventCountry "USA"]
[SourceTitle "CBM 207 Extra"]
[Source "ChessBase"]
[SourceDate "2022.05.31"]
[SourceVersion "1"]
[SourceVersionDate "2022.05.31"]
[SourceQuality "1"]

1. e4 c5 2. Nf3 e6 3. d4 cxd4 4. Nxd4 Nc6 5. Nc3 Qc7 6. Be2 a6 7. Be3 d6 8. 0-0 Nf6 9. h3 Be7 10. a3 0-0 11. Qd2 Ne5 12. f4 Nc4 13. Bxc4 Qxc4 14. Qd3 Qxd3 15. cxd3 Bd7 16. Rac1 Rfc8 17. e5 Nd5 18. Nxd5 exd5 19. Kf2 Rc5 20. exd6 Bxd6 21. b4 Rxc1 22. Rxc1 a5 23. b5 a4 24. Rc3 Rc8 25. Rxc8+ Bxc8 26. Nc2 Bd7 27. b6 Bb5 28. d4 f6 29. Bd2 Kf7 30. Nb4 Ke6 31. Ke3 h5 32. g4 h4 33. f5+ Kd7 34. Be1 Bf1 35. Bxh4 Bxb4 36. axb4 a3 37. Be1 a2 38. Bc3 Bxh3 39. Kf4 Kc6 40. g5 Kxb6 41. gxf6 gxf6 42. Ke3 Bxf5 43. Kd2 Kb5 44. Kc1 Kc4 45. Bb2 Kxb4 46. Kd2 Kb3 47. Ba1 b5 48. Bc3 Be4 49. Ba1 f5 50. Bc3 f4 51. Ba1 f3 52. Kd1 b4 53. Kd2 Kc4 54. Kd1 b3 55. Kd2 Kb5 56. Bb2 Kb4 57. Ke3 Kc4 58. Kd2 f2 59. Ke2 f1Q+ 60. Kxf1 Kd3 61. Ke1 Kc2 62. Ba1 b2 63. Bxb2 Kxb2 64. Kd2 a1Q 0-1

[Event "BAN-ch U20 Girls"]
[Site "Dhaka"]
[Date "2022.02.22"]
[Round "8"]
[White "Kazi Zarin, Tasnim"]
[Black "Jannatul, Ferdous"]
[Result "1-0"]
[WhiteElo "1801"]
[BlackElo "1852"]
[PlyCount "55"]
[EventDate "2022.02.15"]
[EventType "swiss"]
[EventRounds "9"]
[EventCountry "BAN"]
[SourceTitle "CBM 207 Extra"]
[Source "ChessBase"]
[SourceDate "2022.05.31"]
[SourceVersion "1"]
[SourceVersionDate "2022.05.31"]
[SourceQuality "1"]

1. e4 a6 2. d4 b5 3. a4 Bb7 4. Bd3 e6 5. Qe2 b4 6. c3 c5 7. Nf3 a5 8. 0-0 Na6 9. d5 Qb6 10. Bf4 Nf6 11. Nbd2 d6 12. Bb5+ Nd7 13. Nc4 Qc7 14. dxe6 fxe6 15. Rfd1 Bc6 16. Bxd6 Bxd6 17. Nxd6+ Ke7 18. Bxa6 Rhd8 19. Bb5 Nf6 20. Bxc6 Qxc6 21. Ne5 Qc7 22. Nef7 Rd7 23. e5 Nd5 24. c4 Nb6 25. b3 Qc6 26. Qg4 g6 27. Qg5+ Kf8 28. Qf6 1-0

[Event "Dhaka Al Mahmud Memorial"]
[Site "Dhaka"]
[Date "2022.02.11"]
[Round "7"]
[White "Ghosh, Chanchal Kumer"]
[Black "Jannatul, Ferdous"]
[Result "1-0"]
[WhiteElo "2074"]
[BlackElo "1852"]
[PlyCount "73"]
[EventDate "2022.02.05"]
[EventType "swiss"]
[EventRounds "9"]
[EventCountry "BAN"]
[SourceTitle "CBM 206 Extra"]
[Source "ChessBase"]
[SourceDate "2022.03.31"]
[SourceVersion "1"]
[SourceVersionDate "2022.03.31"]
[SourceQuality "1"]

1. e4 c6 2. Nf3 d5 3. Nc3 Bg4 4. h3 Bxf3 5. Qxf3 e6 6. b3 Nf6 7. Bb2 dxe4 8. Nxe4 Nxe4 9. Qxe4 Nd7 10. Qf3 Nf6 11. Bd3 Qd5 12. Qg3 Ne4 13. Qe3 Nc5 14. Be2 Qe4 15. Qc3 Rg8 16. Kf1 Qd5 17. Rd1 0-0-0 18. d4 Ne4 19. Qe3 Nd6 20. c4 Qa5 21. a4 Nf5 22. Qe4 Nd6 23. Qxh7 Be7 24. Qc2 Bf6 25. b4 Qf5 26. Bd3 Qf4 27. g3 Qf3 28. Kg1 Qh5 29. b5 cxb5 30. axb5 Kb8 31. c5 Rc8 32. Qa4 Nf5 33. Ra1 Qf3 34. Qxa7+ Kc7 35. Qb6+ Kd7 36. Bxf5 exf5 37. Qd6+ 1-0

[Event "BAN-ch (Women)"]
[Site "Dhaka"]
[Date "2022.01.06"]
[Round "9"]
[White "Jannatul, Ferdous"]
[Black "Ahmed, Walijah"]
[Result "1-0"]
[WhiteElo "1810"]
[BlackElo "1919"]
[PlyCount "127"]
[EventDate "2021.12.29"]
[EventType "swiss"]
[EventRounds "11"]
[EventCountry "BAN"]
[SourceTitle "EXT 2023"]
[Source "ChessBase"]
[SourceDate "2022.10.05"]
[SourceVersion "1"]
[SourceVersionDate "2022.10.05"]
[SourceQuality "1"]

1. e4 c5 2. Nf3 e6 3. d4 cxd4 4. Nxd4 Nc6 5. c4 Nf6 6. Nc3 Bb4 7. Nxc6 bxc6 8. Bd3 e5 9. 0-0 Bc5 10. Qe2 d6 11. h3 Rb8 12. a3 a5 13. Rb1 0-0 14. Be3 Bxe3 15. Qxe3 Nh5 16. c5 Nf4 17. Rfd1 dxc5 18. Bf1 Qg5 19. Kh2 Ba6 20. g3 Bxf1 21. Rxf1 Ne6 22. f4 Qh6 23. Qf2 exf4 24. gxf4 Rfd8 25. Rbd1 c4 26. f5 Rxd1 27. Nxd1 Ng5 28. h4 Nxe4 29. Qf4 Qxf4+ 30. Rxf4 Nd6 31. f6 gxf6 32. Rxf6 Rd8 33. Ne3 Kg7 34. Rxd6 Re8 35. Nxc4 Re4 36. Nxa5 Re2+ 37. Kg3 c5 38. Rb6 f6 39. Nb7 c4 40. a4 f5 41. a5 Re3+ 42. Kf4 Re4+ 43. Kxf5 Rxh4 44. a6 Rh1 45. Na5 Rh5+ 46. Ke4 Rxa5 47. Kd4 Ra4 48. Kc5 h5 49. Rb7+ Kg6 50. a7 h4 51. Kb5 Ra2 52. Rb6+ Kg5 53. Ra6 Rxb2+ 54. Kc5 c3 55. a8Q c2 56. Qg2+ Kf4 57. Rf6+ Ke5 58. Qg5+ Ke4 59. Qxh4+ Ke5 60. Qg5+ Ke4 61. Rf4+ Kd3 62. Qg3+ Kd2 63. Rf2+ Ke1 64. Qg1# 1-0